<?xml version="1.0" encoding="UTF-8"?>
<record
    xmlns:xsi="http://www.w3.org/2001/XMLSchema-instance"
    xsi:schemaLocation="http://www.loc.gov/MARC21/slim http://www.loc.gov/standards/marcxml/schema/MARC21slim.xsd"
    xmlns="http://www.loc.gov/MARC21/slim">

  <leader>01268nam a2200313 a 4500</leader>
  <controlfield tag="001">000079924</controlfield>
  <controlfield tag="003">OSt</controlfield>
  <controlfield tag="005">20210609124852.0</controlfield>
  <controlfield tag="008">150828s2013    ck     e |    000 | spa d</controlfield>
  <datafield tag="020" ind1=" " ind2=" ">
    <subfield code="a">9789585817524</subfield>
  </datafield>
  <datafield tag="040" ind1=" " ind2=" ">
    <subfield code="c">CO-MqBPB</subfield>
  </datafield>
  <datafield tag="041" ind1="0" ind2=" ">
    <subfield code="a">~spa</subfield>
  </datafield>
  <datafield tag="082" ind1=" " ind2=" ">
    <subfield code="a">AC</subfield>
    <subfield code="b">ALCb</subfield>
  </datafield>
  <datafield tag="090" ind1=" " ind2=" ">
    <subfield code="b">BOGCO</subfield>
  </datafield>
  <datafield tag="110" ind1="2" ind2=" ">
    <subfield code="a">Bogot&#xE1;. Alcald&#xED;a Mayor. Idartes</subfield>
  </datafield>
  <datafield tag="245" ind1="0" ind2="0">
    <subfield code="a">Bogot&#xE1; contada /</subfield>
    <subfield code="c">Alcald&#xED;a Mayor de Bogot&#xE1;; compilaci&#xF3;n de: Instituto Distrital de las Artes - IDARTES -.</subfield>
  </datafield>
  <datafield tag="250" ind1=" " ind2=" ">
    <subfield code="a">1a. ed.</subfield>
  </datafield>
  <datafield tag="260" ind1=" " ind2=" ">
    <subfield code="a">Bogot&#xE1; :</subfield>
    <subfield code="b">IDARTES,</subfield>
    <subfield code="c">2013.</subfield>
  </datafield>
  <datafield tag="300" ind1=" " ind2=" ">
    <subfield code="a">215 p. :</subfield>
    <subfield code="b">Fotograf&#xED;as en blanco y negro.</subfield>
  </datafield>
  <datafield tag="490" ind1=" " ind2="0">
    <subfield code="a">Libro al Viento</subfield>
  </datafield>
  <datafield tag="520" ind1="3" ind2=" ">
    <subfield code="a">"Desde los detalles m&#xE1;s literarios hasta los m&#xE1;s banales, como las obleas que recomienda Andr&#xE9; Maurois o el elogio del ajiaco que hace Ang&#xE9;lica Gorodischer, Bogot&#xE1; se ha desplegado en centenares de testimonios bajo la mirada atenta de viajeros y escritores. Con ese esp&#xED;rit&#xFA; naci&#xF3; Bogot&#xE1; contada"</subfield>
  </datafield>
  <datafield tag="650" ind1="1" ind2="4">
    <subfield code="a">Relato adulto colombiano</subfield>
  </datafield>
  <datafield tag="650" ind1="2" ind2="4">
    <subfield code="a">Literatura colombiana</subfield>
  </datafield>
  <datafield tag="650" ind1="2" ind2="4">
    <subfield code="a">Bogot&#xE1; en la literatura</subfield>
  </datafield>
  <datafield tag="650" ind1="2" ind2="4">
    <subfield code="a">Ciudades en la literatura</subfield>
    <subfield code="z">Bogot&#xE1;</subfield>
  </datafield>
  <datafield tag="650" ind1="2" ind2="4">
    <subfield code="a">Personajes en la literatura</subfield>
  </datafield>
  <datafield tag="710" ind1="2" ind2=" ">
    <subfield code="a">Instituto Distrital para las artes - IDARTES -</subfield>
    <subfield code="e">Compilador</subfield>
  </datafield>
  <datafield tag="942" ind1=" " ind2=" ">
    <subfield code="2">ddc</subfield>
    <subfield code="c">BKLIT</subfield>
  </datafield>
  <datafield tag="999" ind1=" " ind2=" ">
    <subfield code="c">9085</subfield>
    <subfield code="d">9085</subfield>
  </datafield>
  <datafield tag="952" ind1=" " ind2=" ">
    <subfield code="0">0</subfield>
    <subfield code="1">0</subfield>
    <subfield code="2">ddc</subfield>
    <subfield code="4">0</subfield>
    <subfield code="7">0</subfield>
    <subfield code="8">LA</subfield>
    <subfield code="a">BPMOS</subfield>
    <subfield code="b">BPMOS</subfield>
    <subfield code="d">2021-06-09</subfield>
    <subfield code="e">Donaci&#xF3;n 2021</subfield>
    <subfield code="l">0</subfield>
    <subfield code="o">AC ALCb</subfield>
    <subfield code="p">MOS501317</subfield>
    <subfield code="r">2022-01-17</subfield>
    <subfield code="t">EJ 1</subfield>
    <subfield code="w">2021-06-09</subfield>
    <subfield code="y">BKLIT</subfield>
    <subfield code="z">Quince d&#xED;as</subfield>
  </datafield>
  <datafield tag="952" ind1=" " ind2=" ">
    <subfield code="0">0</subfield>
    <subfield code="1">0</subfield>
    <subfield code="2">ddc</subfield>
    <subfield code="4">0</subfield>
    <subfield code="7">0</subfield>
    <subfield code="8">LA</subfield>
    <subfield code="a">BPMOS</subfield>
    <subfield code="b">BPMOS</subfield>
    <subfield code="d">2022-04-12</subfield>
    <subfield code="e">Donaci&#xF3;n 2021</subfield>
    <subfield code="l">0</subfield>
    <subfield code="o">AC ALCb</subfield>
    <subfield code="p">MOS502127</subfield>
    <subfield code="r">2022-04-12</subfield>
    <subfield code="t">EJ 2</subfield>
    <subfield code="w">2021-06-09</subfield>
    <subfield code="y">BKLIT</subfield>
    <subfield code="z">Quince d&#xED;as</subfield>
  </datafield>
</record>
